Famous People by Pictures - E - Statistics

General Stats
  • This quiz has been taken 115 times
  • The average score is 11 of 20
Answer Stats
Picture Answer % Correct
Ed Sheeran
97%
Elvis Presley
96%
Eminem
93%
Ellen Degeneres
90%
Elton John
86%
Emma Watson
86%
Emma Stone
81%
Eddie Murphy
73%
Ernest Hemingway
58%
Eva Longoria
52%
Elliot Page
49%
Edgar Allan Poe
47%
Ellie Goulding
35%
Elle Fanning
31%
Emily Dickinson
22%
Emily Brontë
19%
Emily Osment
18%
Emily Ratajkowski
14%
Emma Corrin
7%
Émile Zola
1%
No matching quizzes found
Score Distribution
Percent of People with Each Score
Percentile by Number Answered
Your Score History
You have not taken this quiz